000 00350nam a2200133Ia 4500
005 20260328104245.0
008 260328s9999||||xx |||||||||||||| ||und||
100 _aMoya Peralta, Rómulo
245 0 _aXI Bienal de Arquitectura de Quito /
_cRómulo Moya Peralta
260 _bImprenta Mariscal
300 _a151 p.
650 _aECUADOR
942 _cBK
999 _c10032
_d10032